000 00832cam a2200277 a 4500
999 _c5365
_d5365
001 5365
003 UkOxU
005 20180127105703.0
008 960910s1983 si a 001 0 eng
020 _a0070843821
020 _a0070990107
035 _a(BD-JhCC) 5365
040 _aBD-JhCC
_dBD-JhCC
041 _aeng
082 _a515.9
_bSPI 2003
100 1 _aSpiegel, Murray R.
245 1 0 _aSchaum's outline of theory and problems of complex variables with an introduction to conformal mapping and its application /
_cby Murray R. Spiegel
250 _aSI (metric) ed
260 _aSingapore :
_bMcGraw-Hill,
_c1983
300 _a313 p. ;
_c27 cm
_bill. ;
490 1 _aSchaum's outline series
650 0 _aFunctions of complex variables
830 0 _aSchaum's outline series.
942 _2ddc
_cBK